U.S General Knowledge by Letter - C - Statistics

General Stats
  • This quiz has been taken 176 times
    175 since last reset
  • The average score is 11 of 20
Answer Stats
Hint Answer % Correct
Third biggest city in the US Chicago
94%
It's capital is Hartford Connecticut
88%
US state closest to Hawaii California
87%
Capital of Nevada Carson City
86%
Second biggest city in Ohio Cleveland
83%
Capital and biggest city in Ohio Columbus
83%
Biggest city in North Carolina Charlotte
74%
Third biggest city in Ohio Cincinnati
72%
Major city in Texas "Christ" Corpus Christi
71%
Capital of New Hampshire Concord
70%
Biggest city in Colorado with two words Colorado Springs
59%
City in Puerto Rico, also last word of two US states Carolina
57%
Fourth biggest city in Tennessee Chattanooga
43%
Major city in Iowa Cedar Rapids
31%
Last word of the second biggest city in New Mexico Cruces
27%
Second biggest city in Wyoming Casper
26%
Second biggest city in Virginia Chesapeake
22%
Fifth biggest city in Tennessee Clarksville
22%
City on Tampa Bay Clearwater
22%
Major suburb of Phoenix Chandler
19%
No matching quizzes found
Score Distribution
Percent of People with Each Score
Percentile by Number Answered
Your Score History
You have not taken this quiz since the last reset